Music Quiz

Random Music Quiz

Every Depeche Mode song by ANY word Quiz Stats

Quiz not verified by Sporcle

Also try: Musicians by Lego
Challenge
Share
Tweet
Score 0/210 Timer 09:00
0 Plays Today
Album Song % Correct
Music For The Masses era (1987-88)I Want You Now
97.1%
Exciter era (2001)I Feel Loved
96.8%
Exciter era (2001)I Am You
96.8%
Speak & Spell era (1981)I Sometimes Wish I Was Dead
96.8%
Songs Of Faith And Devotion era (1993-94)I Feel You
96.8%
Playing The Angel era (2005)I Want It All
96.8%
The Singles 86>98 era (1998)Only When I Lose Myself
96.8%
Playing The Angel era (2005)A Pain That I'm Used To
95.9%
A Broken Frame era (1982)A Photograph Of You
95.9%
Spirit (2017)No More (This Is The Last Time)
95.6%
Playing The Angel era (2005)The Sinner In Me
94.6%
Black Celebration era (1986)A Question Of Time
94.6%
Black Celebration era (1986)A Question Of Lust
94.3%
Delta Machine era (2013)Secret To The End
94%
Some Great Reward era (1984)Lie To Me
93.3%
Ultra era (1997)Barrel Of A Gun
93.3%
Violator era (1990-91)Enjoy The Silence
93.3%
A Broken Frame era (1982)Oberkorn (It's A Small Town)
93%
Delta Machine era (2013)Welcome To My World
92.7%
The Singles 81>85 (1985)It's Called A Heart
92.7%
Music For The Masses era (1987-88)Sonata No. 14 in C#m (Moonlight Sonata)
92.7%
Spirit (2017)So Much Love
92.7%
Construction Time Again era (1983)Told You So
92.4%
Construction Time Again era (1983)Love, In Itself
92.1%
Construction Time Again era (1983)More Than A Party
92.1%
Violator era (1990-91)World In My Eyes
92.1%
A Broken Frame era (1982)The Meaning Of Love
92.1%
Black Celebration era (1986)Fly On The Windscreen (Final)
91.7%
The Singles 81>85 (1985)Fly On The Windscreen
91.7%
Ultra era (1997)The Love Thieves
91.4%
Music For The Masses era (1987-88)Never Let Me Down Again
91.4%
Black Celebration era (1986)Dressed In Black
91.1%
Songs Of Faith And Devotion era (1993-94)Mercy In You
90.8%
Speak & Spell era (1981)Dreaming Of Me
90.5%
Music For The Masses era (1987-88)The Things You Said
90.2%
A Broken Frame era (1982)Nothing To Fear
90.2%
Songs Of Faith And Devotion era (1993-94)Walking In My Shoes
90.2%
Songs Of Faith And Devotion era (1993-94)Get Right With Me
90.2%
Music For The Masses era (1987-88)To Have And To Hold
90.2%
Some Great Reward era (1984)Something To Do
89.8%
Some Great Reward era (1984)(Set Me Free) Remotivate Me
89.8%
Ultra era (1997)It's No Good
89.5%
A Broken Frame era (1982)Leave In Silence
89.5%
Construction Time Again era (1983)Get The Balance Right
89.5%
Exciter era (2001)The Sweetest Condition
89.2%
Exciter era (2001)The Dead Of Night
89.2%
Sounds Of The Universe era (2009)The Sun And The Moon And The Stars
89.2%
A Broken Frame era (1982)The Sun & The Rainfall
89.2%
Construction Time Again era (1983)The Landscape Is Changing
88.6%
The Singles 81>85 (1985)Shake The Disease
88.6%
Black Celebration era (1986)World Full Of Nothing
88.6%
Music For The Masses era (1987-88)Behind The Wheel
88.6%
Violator era (1990-91)Waiting For The Night
88.3%
Black Celebration era (1986)Here Is The House
88.3%
Sounds Of The Universe era (2009)Hole To Feed
87.6%
Spirit (2017)Where's The Revolution
87.6%
Spirit (2017)Cover Me
87.6%
Violator era (1990-91)Policy Of Truth
87%
Delta Machine era (2013)Happens All The Time
86.3%
Playing The Angel era (2005)John The Revelator
86.3%
Sounds Of The Universe era (2009)Miles Away\The Truth Is
86%
A Broken Frame era (1982)See You
85.7%
Songs Of Faith And Devotion era (1993-94)In Your Room
85.7%
Some Great Reward era (1984)If You Want
85.7%
Some Great Reward era (1984)In Your Memory
85.4%
Black Celebration era (1986)New Dress
85.4%
Black Celebration era (1986)Breathing In Fumes
85.4%
Speak & Spell era (1981)Just Can't Get Enough
85.1%
Sounds Of The Universe era (2009)In Chains
85.1%
Songs Of Faith And Devotion era (1993-94)Higher Love
85.1%
Album Song % Correct
Spirit (2017)The Worst Crime
85.1%
Sounds Of The Universe era (2009)In Sympathy
84.8%
Exciter era (2001)Dream On
84.8%
Ultra era (1997)The Bottom Line
84.4%
Construction Time Again era (1983)The Great Outdoors
84.4%
Delta Machine era (2013)The Child Inside
84.1%
Black Celebration era (1986)Black Day
84.1%
Playing The Angel era (2005)The Darkest Star
84.1%
Exciter era (2001)When The Body Speaks
83.8%
Speak & Spell era (1981)Boys Say Go!
83.2%
Black Celebration era (1986)Black Celebration
83.2%
Speak & Spell era (1981)New Life
82.5%
Delta Machine era (2013)My Little Universe
81.3%
Violator era (1990-91)Personal Jesus
81.3%
Black Celebration era (1986)It Doesn't Matter Two
81%
Violator era (1990-91)Sea Of Sin
77.1%
A Broken Frame era (1982)Excerpt From: My Secret Garden
76.8%
A Broken Frame era (1982)Further Excerpts From: My Secret Garden
76.8%
A Broken Frame era (1982)My Secret Garden
76.5%
Some Great Reward era (1984)Master And Servant
76.2%
Black Celebration era (1986)But Not Tonight
76.2%
Spirit (2017)You Move
75.9%
Some Great Reward era (1984)Stories Of Old
75.2%
Ultra era (1997)Sister Of Night
75.2%
Delta Machine era (2013)Soothe My Soul
74.9%
Some Great Reward era (1984)It Doesn't Matter
74%
Some Great Reward era (1984)People Are People
74%
Violator era (1990-91)Blue Dress
73.7%
Songs Of Faith And Devotion era (1993-94)My Joy
73%
Violator era (1990-91)Halo
70.2%
Music For The Masses era (1987-88)Strangelove
68.6%
Violator era (1990-91)Clean
68.3%
Violator era (1990-91)Sweetest Perfection
67.3%
Construction Time Again era (1983)Everything Counts (Reprise)
66.7%
Music For The Masses era (1987-88)Pleasure, Little Treasure
66.7%
Music For The Masses era (1987-88)Little 15
66.3%
Construction Time Again era (1983)Everything Counts
66.3%
Music For The Masses era (1987-88)Nothing
66%
Sounds Of The Universe era (2009)Little Soul
64.8%
Speak & Spell era (1981)Tora! Tora! Tora!
64.8%
Construction Time Again era (1983)And Then...
64.1%
Speak & Spell era (1981)What's Your Name?
63.2%
Songs Of Faith And Devotion era (1993-94)One Caress
62.9%
Delta Machine era (2013)Should Be Higher
62.2%
Playing The Angel era (2005)Damaged People
61.9%
Speak & Spell era (1981)Any Second Now (Voices)
61.9%
Some Great Reward era (1984)Blasphemous Rumours
61.9%
Speak & Spell era (1981)Any Second Now
61.6%
Black Celebration era (1986)Stripped
61%
Songs Of Faith And Devotion era (1993-94)Judas
60%
A Broken Frame era (1982)Now, This Is Fun
60%
Music For The Masses era (1987-88)Pimpf
60%
Songs Of Faith And Devotion era (1993-94)Condemnation
59.7%
Some Great Reward era (1984)Somebody
59.7%
Songs Of Faith And Devotion era (1993-94)Rush
59.4%
Speak & Spell era (1981)Photographic
57.5%
Ultra era (1997)Home
56.8%
Ultra era (1997)Useless
56.8%
Music For The Masses era (1987-88)Sacred
56.2%
Construction Time Again era (1983)Two Minute Warning
55.9%
Speak & Spell era (1981)Ice Machine
55.9%
Playing The Angel era (2005)Free
54.3%
Sounds Of The Universe era (2009)Wrong
53%
Violator era (1990-91)Happiest Girl
53%
Speak & Spell era (1981)Puppets
52.1%
Speak & Spell era (1981)Big Muff
51.7%
Construction Time Again era (1983)Pipeline
51.1%
Black Celebration era (1986)Sometimes
50.8%
Playing The Angel era (2005)Precious
50.5%
Speak & Spell era (1981)Nodisco
50.2%
Album Song % Correct
A Broken Frame era (1982)Shouldn't Have Done That
48.6%
Playing The Angel era (2005)Suffer Well
47.6%
Delta Machine era (2013)Angel
47%
Playing The Angel era (2005)Lilian
47%
Delta Machine era (2013)Long Time Lie
46.7%
Music For The Masses era (1987-88)Agent Orange
46.3%
Music For The Masses era (1987-88)Route 66
45.7%
Spirit (2017)Going Backwards
45.7%
The Best Of Depeche Mode, Vol 1 (2006)Martyr
45.4%
Ultra era (1997)Jazz Thieves
45.1%
Ultra era (1997)Uselink
44.4%
Exciter era (2001)Freelove
43.2%
A Broken Frame era (1982)Monument
42.9%
Spirit (2017)Poison Heart
42.9%
Violator era (1990-91)Dangerous
41.9%
Speak & Spell era (1981)Shout
41.3%
Sounds Of The Universe era (2009)Oh Well
41%
Delta Machine era (2013)All That's Mine
39%
Spirit (2017)Scum
39%
A Broken Frame era (1982)Satellite
38.7%
Delta Machine era (2013)Heaven
38.4%
Construction Time Again era (1983)Shame
38.1%
Delta Machine era (2013)Slow
37.8%
Ultra era (1997)Insight
37.8%
Exciter era (2001)Goodnight Lovers
37.1%
Exciter era (2001)Easy Tiger
35.9%
Sounds Of The Universe era (2009)Peace
35.9%
Ultra era (1997)Painkiller
35.9%
Violator era (1990-91)Kaleid
35.9%
Ultra era (1997)Freestate
35.6%
Exciter era (2001)Shine
35.6%
Spirit (2017)Fail
34.6%
Construction Time Again era (1983)Work Hard
34.3%
The Singles 86>98 era (1998)Surrender
34.3%
Playing The Angel era (2005)Macro
34%
Delta Machine era (2013)Broken
33.7%
Sounds Of The Universe era (2009)Corrupt
33.7%
Exciter era (2001)Breathe
32.7%
The Singles 81>85 (1985)Flexible
32.7%
Spirit (2017)Eternal
32.4%
Exciter era (2001)Comatose
32.1%
Violator era (1990-91)Memphisto
31.7%
Sounds Of The Universe era (2009)Come Back
31.4%
Delta Machine era (2013)Goodbye
31.4%
Construction Time Again era (1983)Fools
31.4%
Black Celebration era (1986)Christmas Island
31.1%
Spirit (2017)Poorman
30.8%
Delta Machine era (2013)Alone
29.8%
Violator era (1990-91)Sibeling
29.5%
Sounds Of The Universe era (2009)Perfect
29.2%
Playing The Angel era (2005)Nothing's Impossible
29.2%
Violator era (1990-91)Death's Door
28.9%
Sounds Of The Universe era (2009)Jezebel
28.6%
Delta Machine era (2013)Soft Touch\Raw Nerve
28.3%
Music For The Masses era (1987-88)Stjarna
27.6%
Music For The Masses era (1987-88)Fpmip
27.3%
The Singles 86>98 era (1998)Headstar
25.7%
Delta Machine era (2013)Always
25.7%
Sounds Of The Universe era (2009)Fragile Tension
25.4%
Ultra era (1997)Slowblow
25.4%
Sounds Of The Universe era (2009)Ghost
24.8%
Exciter era (2001)Lovetheme
24.4%
Sounds Of The Universe era (2009)Spacewalker
23.5%
Playing The Angel era (2005)Introspectre
23.5%
Exciter era (2001)Dirt
22.2%
Exciter era (2001)Zenstation
21.6%
Sounds Of The Universe era (2009)Light
19%
Playing The Angel era (2005)Better Days
18.1%
Playing The Angel era (2005)Newborn
17.1%
Sounds Of The Universe era (2009)Esque
14.9%

You're not logged in!

Compare scores with friends on all Sporcle quizzes.
Sign Up with Email
OR
Log In

You Might Also Like...

Show Comments

Extras

Top Quizzes Today


Score Distribution

Your Account Isn't Verified!

In order to create a playlist on Sporcle, you need to verify the email address you used during registration. Go to your Sporcle Settings to finish the process.